[Event "Frankfurt Ch B 2018"]
[Site "Ffm-Höchst, BiKuZ"]
[Date "2018.05.28"]
[Round "4.6"]
[White "Brand, Achim"]
[Black "Nebel, Marcel"]
[Result "0-1"]
[WhiteElo "1343"]
[BlackElo "1254"]
[PlyCount "100"]
[EventDate "2018.??.??"]
[WhiteTeam "SVG Echzell"]
[BlackTeam "Berkershm"]

1. e4 e6 2. Nf3 d5 3. Nc3 c5 4. exd5 exd5 5. Qe2+ Be7 6. d4 c4 7. Bf4 Nf6 8.
O-O-O a6 9. Re1 Nc6 10. Be5 O-O 11. a3 Bf5 12. Kb1 Qb6 13. Ka1 Qa5 14. Qd2 Rfe8
15. Na2 Qxd2 16. Nxd2 Bxc2 17. Be2 Na5 18. Bxf6 Bxf6 19. Nb4 Bg5 20. Nf3 Nb3+
21. Ka2 Nc1+ 22. Rxc1 Bxc1 23. Rxc1 Bb3+ 24. Ka1 Rxe2 25. Nxd5 Rxf2 26. Ne3 Rc8
27. Ne5 b5 28. Nd3 Re2 29. Nd5 Rd8 30. Nc5 Rxd5 31. Nxb3 g6 32. Nc5 Rxd4 33.
Nxa6 Rdd2 34. Nb4 Rxb2 35. g3 Rxh2 36. g4 Rb3 37. Nc2 h5 38. gxh5 gxh5 39. Rg1+
Kf8 40. Nd4 Rxa3+ 41. Kb1 b4 42. Nc2 Rb3+ 43. Ka1 h4 44. Nd4 Rbb2 45. Nf3 Rbg2
46. Rxg2 Rxg2 47. Nxh4 Rf2 48. Kb1 c3 49. Ka1 b3 50. Ng6+ fxg6 0-1

[Event "Frankfurt Ch B 2018"]
[Site "Ffm-Höchst, BiKuZ"]
[Date "2018.05.28"]
[Round "4.10"]
[White "Häfner, Günther"]
[Black "Grimm, Heinz-Peter"]
[Result "0-1"]
[WhiteElo "1100"]
[BlackElo "1402"]
[PlyCount "98"]
[EventDate "2018.??.??"]
[WhiteTeam "Berkershm"]
[BlackTeam "vereinslos"]

1. e4 c5 2. d4 cxd4 3. Qxd4 Nc6 4. Qe3 e5 5. Nf3 Qc7 6. Bc4 Nf6 7. h3 d6 8. Bd2
Be7 9. Na3 a6 10. O-O O-O 11. Rad1 h6 12. Bb3 b5 13. c4 b4 14. Nc2 a5 15. a4
Bb7 16. Nh4 Nd8 17. f3 d5 18. Qe1 dxc4 19. Bxc4 Qxc4 20. Ne3 Bc5 21. Kh1 Bxe3
22. Bxe3 Ne6 23. Nf5 Rfe8 24. Nd6 Qc6 25. Nxe8 Rxe8 26. b3 Nf4 27. Kh2 Ba6 28.
Rf2 Nd3 29. Rxd3 Bxd3 30. Rd2 Ba6 31. Qg3 Kf8 32. Qf2 Nd7 33. Rc2 Qe6 34. Rc7
Rc8 35. Ra7 Qc6 36. f4 Rc7 37. Rxc7 Qxc7 38. f5 Bb7 39. Qh4 Nf6 40. g4 Qc2+ 41.
Kg1 Bxe4 42. Bf2 Qd1+ 43. Be1 Qf3 44. Qg3 Qxg3+ 45. Bxg3 Nd7 46. Be1 Bc2 47.
Bd2 Bxb3 48. g5 h5 49. Kf1 Bxa4 0-1

[Event "Frankfurt Ch B 2018"]
[Site "Ffm-Höchst, BiKuZ"]
[Date "2018.05.28"]
[Round "4.12"]
[White "Giebitz, Walter"]
[Black "Tryfon, Konstantin"]
[Result "1-0"]
[WhiteElo "1270"]
[BlackElo "948"]
[PlyCount "113"]
[EventDate "2018.??.??"]
[WhiteTeam "SC Steinbach"]
[BlackTeam "SC Höchst"]

1. e4 e5 2. Nf3 Nc6 3. Bb5 Bc5 4. O-O Nf6 5. Nc3 Nd4 6. Nxe5 O-O 7. d3 c6 8.
Bc4 d5 9. exd5 cxd5 10. Bb3 Re8 11. Re1 Bd6 12. Bf4 Qc7 13. Nxd5 Nxd5 14. Bxd5
Bxe5 15. Bxf7+ Kxf7 16. Qh5+ Kf8 17. Bxe5 Rxe5 18. Rxe5 Bf5 19. Rxf5+ Nxf5 20.
Qxf5+ Kg8 21. Qd5+ Kh8 22. Qc4 Qb6 23. b3 Rf8 24. Rf1 h6 25. Qe4 Qc5 26. c4 Qb6
27. g3 Rd8 28. Rd1 Rf8 29. Rf1 Rd8 30. Kg2 Rf8 31. f4 Rf6 32. Qe8+ Kh7 33. Re1
Qb4 34. Re2 Rf8 35. Qe7 Qxe7 36. Rxe7 Rd8 37. Rxb7 Rxd3 38. Rxa7 Rd2+ 39. Kh3
Rc2 40. a4 Rb2 41. Rb7 Kg8 42. a5 Ra2 43. b4 Rb2 44. c5 Kh7 45. b5 Re2 46. a6
Kg6 47. a7 Kf5 48. a8=Q Ke4 49. Re7+ Kd3 50. Rxe2 Kxe2 51. c6 Kf3 52. c7+ Kf2
53. c8=Q g5 54. Qc5+ Kf1 55. Qa2 g4+ 56. Kh4 h5 57. Qc1# 1-0

[Event "Frankfurt Ch B 2018"]
[Site "Ffm-Höchst, BiKuZ"]
[Date "2018.05.28"]
[Round "4.13"]
[White "Pessotschinski, Lars"]
[Black "Hartwig, Horst"]
[Result "1-0"]
[WhiteElo "1251"]
[BlackElo "1155"]
[PlyCount "111"]
[EventDate "2018.??.??"]
[WhiteTeam "TuS Makkabi"]
[BlackTeam "vereinslos"]

1. e4 e5 2. Nf3 d6 3. d4 exd4 4. Nxd4 Nf6 5. Nc3 Be7 6. Bc4 O-O 7. O-O a6 8. a4
c5 9. Nf3 Bg4 10. Qd3 Nc6 11. h3 Nb4 12. Qe3 Nxc2 13. Qd3 Nxa1 14. hxg4 Nxg4
15. Bf4 Ne5 16. Nxe5 dxe5 17. Bxe5 Qxd3 18. Bxd3 Nb3 19. Nd5 Na5 20. Nxe7+ Kh8
21. Nd5 c4 22. Be2 b5 23. axb5 axb5 24. Nc7 Rac8 25. Nxb5 Rce8 26. Bxg7+ Kxg7
27. Nd6 Rxe4 28. Nxe4 Re8 29. Nc3 Re5 30. Rd1 Rc5 31. Rd5 Rxd5 32. Nxd5 Kf8 33.
Nb6 c3 34. bxc3 Nc6 35. c4 Nd4 36. Bd3 h6 37. f3 Ke7 38. Kf2 Kd6 39. Ke3 Nb3
40. Bc2 Nc5 41. Na4 Na6 42. Kd4 Nb4 43. c5+ Kc6 44. Bb3 f6 45. Nb6 Na6 46. Ba4+
Kb7 47. g3 Nb4 48. Nd5 Nc6+ 49. Bxc6+ Kxc6 50. Nb4+ Kc7 51. Kd5 h5 52. Na6+ Kb7
53. c6+ Kxa6 54. Kd6 f5 55. c7 f4 56. c8=Q+ 1-0

[Event "Frankfurt Ch B 2018"]
[Site "Ffm-Höchst, BiKuZ"]
[Date "2018.05.28"]
[Round "4.14"]
[White "Peschk, Kathrin"]
[Black "Thaler, Regina"]
[Result "1-0"]
[WhiteElo "1234"]
[BlackElo "1097"]
[PlyCount "77"]
[EventDate "2018.??.??"]
[WhiteTeam "SV Groß-Gerau"]
[BlackTeam "SK Bad Homburg"]

1. e4 d6 2. d4 Nd7 3. Nc3 c6 4. Nf3 g6 5. Bc4 b5 6. Bb3 Bg7 7. Be3 a5 8. a3 a4
9. Ba2 Bh6 10. Ng5 Bxg5 11. Bxg5 h6 12. Be3 Ngf6 13. Qd2 Ng4 14. h3 Nxe3 15.
Qxe3 Bb7 16. e5 dxe5 17. dxe5 e6 18. O-O-O Qb6 19. Rhe1 Qxe3+ 20. Rxe3 O-O 21.
Rxd7 Bc8 22. Rc7 Ra6 23. Ne4 Rb6 24. Nf6+ Kg7 25. f4 b4 26. axb4 Rxb4 27. g3
Rd8 28. c3 Rb6 29. Kc2 Ra6 30. Rd3 Rf8 31. g4 a3 32. b4 Rb6 33. h4 Ba6 34. Rdd7
Bb5 35. Bxe6 c5 36. Rxf7+ Rxf7 37. Rxf7+ Kh8 38. Rf8+ Kg7 39. Rg8# 1-0

[Event "Frankfurt Ch B 2018"]
[Site "Ffm-Höchst, BiKuZ"]
[Date "2018.05.28"]
[Round "4.15"]
[White "Wundram, Till"]
[Black "Czinkota, Michael"]
[Result "1-0"]
[WhiteElo "917"]
[BlackElo "1233"]
[PlyCount "125"]
[EventDate "2018.??.??"]
[WhiteTeam "vereinslos"]
[BlackTeam "SC Bad Soden"]

1. d3 e5 2. e3 d5 3. g3 Nf6 4. Bg2 Nc6 5. b3 Bc5 6. Bb2 O-O 7. Ne2 e4 8. d4 Bd6
9. Nd2 Re8 10. a3 Bg4 11. h3 Bh5 12. O-O Qd7 13. c4 Bf3 14. Nxf3 exf3 15. Bxf3
Qxh3 16. Bg2 Qh6 17. Nc3 dxc4 18. b4 a6 19. Bc1 Qg6 20. Qe2 Nxd4 21. Qxc4 Qh5
22. Rd1 Nf3+ 23. Kf1 Nh2+ 24. Ke1 Nf3+ 25. Kf1 Ng4 26. Bxf3 Nh2+ 27. Ke1 Nxf3+
28. Kf1 Qh1+ 29. Ke2 Qg2 30. Ne4 Rxe4 31. Qxe4 Ng1+ 32. Kd3 Qxf2 33. Rd2 Qxg3
34. Rg2 Qe1 35. Bb2 Qxa1 36. Bxa1 Nh3 37. Bxg7 Bg3 38. Rxg3 Nf2+ 39. Kd4 Nxe4
40. Kxe4 Re8+ 41. Kf5 h5 42. Bh6+ Kh7 43. Bf4 a5 44. Rg5 axb4 45. axb4 c6 46.
Rxh5+ Kg7 47. Be5+ f6 48. Bxf6+ Kf7 49. Rh7+ Kg8 50. Rh8+ Kf7 51. Rxe8 Kxe8 52.
Ke6 b6 53. Bd4 b5 54. e4 Kd8 55. Kf7 Kd7 56. e5 c5 57. Bxc5 Kc7 58. e6 Kd8 59.
e7+ Kc7 60. e8=Q Kb7 61. Qxb5+ Kc8 62. Bd6 Kd8 63. Qe8# 1-0

[Event "Frankfurt Ch B 2018"]
[Site "Ffm-Höchst, BiKuZ"]
[Date "2018.05.28"]
[Round "4.18"]
[White "Lassek, Bjarne"]
[Black "Fredershausen, Kurt"]
[Result "1/2-1/2"]
[WhiteElo "912"]
[BlackElo "1089"]
[PlyCount "136"]
[EventDate "2018.??.??"]
[WhiteTeam "SC Nied"]
[BlackTeam "SC Bad Soden"]

1. e4 e5 2. Nf3 Nf6 3. Nxe5 d6 4. Nf3 Nxe4 5. d4 Nf6 6. Bd3 h6 7. O-O Nc6 8.
Nc3 Be7 9. d5 Nb8 10. Be3 O-O 11. h3 c6 12. Bd4 cxd5 13. Bxf6 Bxf6 14. Rb1 Be6
15. Be2 Bxc3 16. bxc3 Qc7 17. Nd4 Qd7 18. Nxe6 fxe6 19. c4 Qc6 20. Qd4 Nd7 21.
Bf3 Nf6 22. Rfd1 Qxc4 23. Qxc4 dxc4 24. Rxd6 b6 25. Bxa8 Rxa8 26. Rxe6 Rd8 27.
Rc1 Rd5 28. c3 b5 29. Ra6 Rd7 30. Rb1 Rd3 31. Rxb5 Ne4 32. Rxa7 Nxc3 33. Rbb7
Rd2 34. Rxg7+ Kh8 35. Rgc7 Rd8 36. Rxc4 Ne2+ 37. Kf1 Re8 38. Ra6 Kg7 39. Rc7+
Kf8 40. Rxh6 Kg8 41. Rg6+ Kh8 42. Rcg7 Nf4 43. Rg8+ Rxg8 44. Rxg8+ Kxg8 45. f3
Kg7 46. Kf2 Kf6 47. h4 Kf5 48. g4+ Kg6 49. Ke3 Ng2+ 50. Ke4 Nxh4 51. Kd5 Nxf3
52. a4 Kf6 53. Kd6 Nd4 54. a5 Nb5+ 55. Kc6 Na7+ 56. Kb7 Nb5 57. a6 Nd6+ 58. Kc6
Nc8 59. Kc7 Na7 60. Kd6 Kg5 61. Ke5 Kxg4 62. Ke4 Nc6 63. Ke3 Kf5 64. Kd2 Ke5
65. Kc3 Kd5 66. Kb3 Kc5 67. Ka4 Kb6 68. Kb3 Kxa6 1/2-1/2

[Event "Frankfurt Ch B 2018"]
[Site "Ffm-Höchst, BiKuZ"]
[Date "2018.05.28"]
[Round "4.19"]
[White "Grünzig, Matthias"]
[Black "Schäfer, Dieter"]
[Result "1-0"]
[WhiteElo "1347"]
[BlackElo "1283"]
[PlyCount "87"]
[EventDate "2018.??.??"]
[WhiteTeam "Berkershm"]
[BlackTeam "SV Ffm-Griesheim"]

1. e4 e5 2. Bc4 Nf6 3. Nc3 Bb4 4. Nge2 d6 5. d4 Nxe4 6. dxe5 Nc6 7. O-O Nxe5 8.
Bxf7+ Nxf7 9. Nxe4 O-O 10. c3 Ba5 11. Be3 Bf5 12. N4g3 Ne5 13. Qd5+ Kh8 14.
Qxa5 Qh4 15. Qb4 Qxb4 16. cxb4 Nd3 17. Nxf5 Rxf5 18. Ng3 Rf7 19. Bd4 Nxb4 20.
Bc3 Nd5 21. Rae1 Raf8 22. f3 Nf4 23. Re4 b6 24. Rfe1 Nd5 25. Re8 Kg8 26. Rxf8+
Kxf8 27. Ne4 Re7 28. Ng5 h6 29. Rxe7 Nxe7 30. Ne6+ Kf7 31. Nxc7 Nf5 32. Nb5 a6
33. Nd4 Nxd4 34. Bxd4 b5 35. Kf2 g6 36. Ke3 Ke6 37. g4 h5 38. h4 a5 39. b3 d5
40. Kf4 a4 41. bxa4 bxa4 42. a3 hxg4 43. fxg4 Kf7 44. Kg5 1-0

[Event "Frankfurt Ch B 2018"]
[Site "Ffm-Höchst, BiKuZ"]
[Date "2018.05.28"]
[Round "4.20"]
[White "Czinkota, Thomas"]
[Black "von Borstel, Torben"]
[Result "0-1"]
[WhiteElo "799"]
[BlackElo "1151"]
[PlyCount "52"]
[EventDate "2018.??.??"]
[WhiteTeam "SC Bad Soden"]
[BlackTeam "Hildesheimer SV"]

1. e4 e5 2. Nf3 Nc6 3. Bc4 Bc5 4. b3 Nf6 5. Bb2 d6 6. O-O O-O 7. d3 Bg4 8. h3
Bh5 9. c3 Re8 10. g4 Bg6 11. Re1 Na5 12. b4 Nxc4 13. dxc4 Bb6 14. a4 a5 15. Qd3
Qd7 16. Nbd2 axb4 17. cxb4 Rxa4 18. Rxa4 Qxa4 19. Qb3 Qxb3 20. Nxb3 Nxe4 21. c5
dxc5 22. Nxe5 cxb4 23. Kg2 Nd6 24. f4 f6 25. f5 Bf7 26. Nxf7 Rxe1 0-1

[Event "Frankfurt Ch A 2018"]
[Site "Ffm-Höchst, BiKuZ"]
[Date "2018.06.04"]
[Round "5.1"]
[White "Karsay, Pascal"]
[Black "Steudel, Max"]
[Result "1-0"]
[WhiteElo "2174"]
[BlackElo "1943"]
[PlyCount "63"]
[EventDate "2018.??.??"]
[WhiteTeam "SK Gau-Algesheim"]
[BlackTeam "SC Brett vorm Kopp"]

1. e4 d5 2. exd5 Nf6 3. Nf3 Bg4 4. h3 Bf5 5. Bb5+ Nbd7 6. Nc3 a6 7. Ba4 b5 8.
Nd4 bxa4 9. Nxf5 g6 10. Ne3 Nb6 11. Qf3 Bg7 12. O-O O-O 13. b3 Qd7 14. Ba3 Rfe8
15. Bc5 axb3 16. axb3 Red8 17. Qe2 Nfxd5 18. Ncxd5 Nxd5 19. Rxa6 Nf4 20. Qc4
Rxa6 21. Qxa6 Ne6 22. Bb4 c5 23. Ba5 Rf8 24. Bc3 f5 25. Qc4 Kh8 26. Re1 Nd4 27.
Qxc5 e5 28. Bxd4 exd4 29. Nd5 Rc8 30. Re7 Rxc5 31. Rxd7 Be5 32. f4 1-0

[Event "Frankfurt Ch A 2018"]
[Site "Ffm-Höchst, BiKuZ"]
[Date "2018.06.04"]
[Round "5.2"]
[White "Bagatsch, Thomas"]
[Black "Poetsch, Hagen"]
[Result "0-1"]
[WhiteElo "1944"]
[BlackElo "2505"]
[PlyCount "36"]
[EventDate "2018.??.??"]
[WhiteTeam "SC Brett vorm Kopp"]
[BlackTeam "SC Heusenstamm"]

1. e4 d5 2. exd5 Qxd5 3. c4 Qe4+ 4. Qe2 Qg6 5. Nf3 Nc6 6. d4 Bg4 7. Be3 O-O-O
8. d5 Nb4 9. Na3 e6 10. Ne5 Bxe2 11. Nxg6 hxg6 12. Bxe2 exd5 13. cxd5 Nxd5 14.
Bxa7 Bb4+ 15. Kf1 Bxa3 16. bxa3 b6 17. Ba6+ Kd7 18. Bb7 c6 0-1

[Event "Frankfurt Ch A 2018"]
[Site "Ffm-Höchst, BiKuZ"]
[Date "2018.06.04"]
[Round "5.3"]
[White "Neininger, Ralph"]
[Black "Milov, Leonid"]
[Result "0-1"]
[WhiteElo "2123"]
[BlackElo "2428"]
[PlyCount "70"]
[EventDate "2018.??.??"]
[WhiteTeam "Frankfurter TV"]
[BlackTeam "SC Noris-Tarrasch Nürnberg"]

1. d4 f5 2. Nc3 Nf6 3. Bg5 d5 4. Nf3 e6 5. e3 a6 6. Bd3 c5 7. dxc5 Bxc5 8. O-O
Nc6 9. Bf4 Qe7 10. Ne5 O-O 11. Na4 Ba7 12. Nxc6 bxc6 13. c4 e5 14. Bg5 h6 15.
Bxf6 Qxf6 16. cxd5 cxd5 17. Rc1 e4 18. Bc2 d4 19. Bb3+ Kh7 20. Bd5 Rb8 21. Rc7
Rd8 22. Rf7 Qe5 23. Rxa7 Rxd5 24. exd4 Rxd4 25. Qc2 Bd7 26. Qc5 Rd5 27. Qa3
Bxa4 28. Qxa4 Rxb2 29. Qa3 Rdd2 30. Qf8 Rxf2 31. Rxg7+ Qxg7 32. Qxg7+ Kxg7 33.
Rxf2 Rb1+ 34. Rf1 Rxf1+ 35. Kxf1 f4 0-1

[Event "Frankfurt Ch A 2018"]
[Site "Ffm-Höchst, BiKuZ"]
[Date "2018.06.04"]
[Round "5.4"]
[White "Calvi, Stefan"]
[Black "Legde, Georg"]
[Result "1/2-1/2"]
[WhiteElo "2019"]
[BlackElo "2273"]
[PlyCount "74"]
[EventDate "2018.??.??"]
[WhiteTeam "SF Frankfurt"]
[BlackTeam "Freibauer Mörlenbach"]

1. e4 Nf6 2. e5 Nd5 3. Nc3 Nxc3 4. dxc3 d6 5. Nf3 Nc6 6. Bf4 dxe5 7. Qxd8+ Nxd8
8. Bxe5 c6 9. Be2 f6 10. Bg3 e5 11. O-O-O Be6 12. Nd2 Bd6 13. Bc4 Ke7 14. Rhe1
Nf7 15. Re2 Rhd8 16. Rde1 g5 17. f4 gxf4 18. Bxf4 Bc5 19. Bxe6 Kxe6 20. b4 Bf8
21. Nb3 Nd6 22. g4 Kf7 23. Bd2 Nc4 24. Kb1 Rd5 25. Bc1 Rad8 26. Rf1 Rd1 27.
Ref2 Rxf1 28. Rxf1 Ke6 29. Re1 Kf7 30. a4 Be7 31. Ka2 Kg6 32. Nd4 Bxb4 33. Nxc6
Bxc3 34. Nxd8 Bxe1 35. Nxb7 h5 36. Kb3 Nb6 37. h3 f5 1/2-1/2

[Event "Frankfurt Ch A 2018"]
[Site "Ffm-Höchst, BiKuZ"]
[Date "2018.06.04"]
[Round "5.5"]
[White "Minor, Samuel"]
[Black "Tobon, Sebastian"]
[Result "0-1"]
[WhiteElo "2225"]
[BlackElo "1800"]
[PlyCount "94"]
[EventDate "2018.??.??"]
[WhiteTeam "Wiesbadener SV"]
[BlackTeam "SC Heusenstamm"]

1. e4 c5 2. Nf3 d6 3. d4 cxd4 4. Nxd4 Nf6 5. Nc3 a6 6. Be3 e5 7. Nf3 Be7 8. Bc4
O-O 9. O-O Nc6 10. Bg5 Ng4 11. Bc1 Nf6 12. h3 b5 13. Bb3 h6 14. Qe2 Na5 15. Rd1
Nxb3 16. axb3 Bd7 17. Ne1 Qb8 18. b4 Bc6 19. Nd3 Qb7 20. Re1 Rfe8 21. Bd2 Bd8
22. Qf3 Nh7 23. Rad1 Re6 24. Qe2 Nf6 25. Kh2 Bb6 26. f3 Rd8 27. Be3 Bc7 28. Kg1
a5 29. Bf2 Ra8 30. Ra1 a4 31. Red1 Rd8 32. Nc1 d5 33. exd5 Nxd5 34. Ne4 Nf4 35.
Rxd8+ Bxd8 36. Qd2 Bb6 37. Bxb6 Qxb6+ 38. Qf2 Qd8 39. Ne2 Nd5 40. c3 Nb6 41.
Nc5 Rd6 42. Qe1 Nc4 43. b3 axb3 44. Nxb3 Qg5 45. Ng3 Rg6 46. Kh2 h5 47. Ra2 Qf4
0-1

[Event "Frankfurt Ch A 2018"]
[Site "Ffm-Höchst, BiKuZ"]
[Date "2018.06.04"]
[Round "5.6"]
[White "Uwira, Oliver"]
[Black "Rondonuwu, Grover"]
[Result "1-0"]
[WhiteElo "2186"]
[BlackElo "2036"]
[PlyCount "55"]
[EventDate "2018.??.??"]
[WhiteTeam "SC Nied"]
[BlackTeam "Frankfurter TV"]

1. d4 d5 2. c4 c6 3. Nf3 Nf6 4. Nc3 e6 5. e3 Nbd7 6. Qc2 Bd6 7. g4 h6 8. Rg1
Qe7 9. h4 g6 10. Bd2 dxc4 11. Bxc4 h5 12. gxh5 Rxh5 13. O-O-O b5 14. Bd3 Bb7
15. Ng5 Nf8 16. Kb1 a6 17. e4 e5 18. f4 exd4 19. e5 dxc3 20. exf6 Qc7 21. Rge1+
Kd8 22. Bxc3 Kc8 23. Re8+ Kd7 24. Re7+ Bxe7 25. fxe7 Kxe7 26. Bb4+ c5 27. Bxc5+
Ke8 28. Qe2+ 1-0

[Event "Frankfurt Ch A 2018"]
[Site "Ffm-Höchst, BiKuZ"]
[Date "2018.06.04"]
[Round "5.7"]
[White "Zweschper, Erich"]
[Black "Nehmert, Ulrich"]
[Result "1/2-1/2"]
[WhiteElo "2007"]
[BlackElo "2149"]
[PlyCount "63"]
[EventDate "2018.??.??"]
[WhiteTeam "SV Kelsterbach"]
[BlackTeam "Wiesbadener SV"]

1. d4 Nf6 2. Nf3 c5 3. d5 b5 4. c4 Bb7 5. a4 bxc4 6. Nc3 g6 7. e4 d6 8. Bxc4
Bg7 9. h3 O-O 10. Qe2 a5 11. O-O Na6 12. Bg5 Nb4 13. Rac1 Nd7 14. Rfe1 Nb6 15.
b3 Ba6 16. Nd2 Qd7 17. Bxa6 Rxa6 18. Nc4 Nxc4 19. bxc4 Bxc3 20. Rxc3 f6 21. Bh6
Rf7 22. f4 e5 23. f5 gxf5 24. Rg3+ Kh8 25. exf5 Ra8 26. Qh5 Nc2 27. Rf1 Nd4 28.
Kh2 Rb8 29. Qg4 Re8 30. Qh5 Rb8 31. Qg4 Re8 32. Qh5 1/2-1/2

[Event "Frankfurt Ch A 2018"]
[Site "Ffm-Höchst, BiKuZ"]
[Date "2018.06.04"]
[Round "5.8"]
[White "Weber, Samuel"]
[Black "Nekhamkis, Genadi"]
[Result "1-0"]
[WhiteElo "2119"]
[BlackElo "1992"]
[PlyCount "37"]
[EventDate "2018.??.??"]
[WhiteTeam "SV Oberursel"]
[BlackTeam "SK Marburg"]

1. Nf3 f5 2. d3 d6 3. e4 e5 4. exf5 Bxf5 5. Nc3 Nf6 6. d4 e4 7. Nh4 Bg4 8. Be2
Bxe2 9. Qxe2 d5 10. Bg5 Bb4 11. Qb5+ Nc6 12. Qxb7 Nxd4 13. O-O-O Rb8 14. Bxf6
gxf6 15. Qa6 Rb6 16. Qa4+ c6 17. Rxd4 Qb8 18. Nxd5 Bc5 19. Rxe4+ 1-0

[Event "Frankfurt Ch A 2018"]
[Site "Ffm-Höchst, BiKuZ"]
[Date "2018.06.04"]
[Round "5.9"]
[White "Schreiner, Roland"]
[Black "Henrich, David"]
[Result "1/2-1/2"]
[WhiteElo "1968"]
[BlackElo "2079"]
[PlyCount "50"]
[EventDate "2018.??.??"]
[WhiteTeam "SC Heusenstamm"]
[BlackTeam "Frankfurter TV"]

1. d4 d6 2. Nf3 Nf6 3. c4 Nbd7 4. Nc3 e5 5. e4 Be7 6. Be2 O-O 7. O-O b6 8. d5
a5 9. b3 Nc5 10. Qc2 Bb7 11. Ne1 c6 12. dxc6 Bxc6 13. f3 Ne6 14. Be3 Nh5 15.
Nd3 Bg5 16. Bf2 Nd4 17. Bxd4 exd4 18. f4 Nxf4 19. Nxf4 dxc3 20. Bd3 g6 21. Ne2
Be3+ 22. Kh1 Qh4 23. Rf3 Bd2 24. Nxc3 Bxc3 25. Qxc3 Bxe4 1/2-1/2

[Event "Frankfurt Ch A 2018"]
[Site "Ffm-Höchst, BiKuZ"]
[Date "2018.06.04"]
[Round "5.10"]
[White "Pfeffer, Marko"]
[Black "Sandten, Ulrich"]
[Result "0-1"]
[WhiteElo "1967"]
[BlackElo "2074"]
[PlyCount "78"]
[EventDate "2018.??.??"]
[WhiteTeam "SC Bergen-Enkheim"]
[BlackTeam "VSG Offenbach"]

1. e4 e6 2. d4 d5 3. exd5 exd5 4. Be3 Bd6 5. Nc3 c6 6. Bd3 Ne7 7. Qh5 Nd7 8.
Bg5 Qb6 9. Nge2 Nf8 10. O-O-O Ne6 11. Be3 Bd7 12. g4 Ng6 13. Rhe1 O-O-O 14. Bf5
Qc7 15. Bxe6 fxe6 16. h3 Rdf8 17. g5 e5 18. dxe5 Nxe5 19. Nd4 Nc4 20. h4 Ne5
21. Rg1 Bb4 22. Nde2 g6 23. Qh6 Rf7 24. Bd4 Bf8 25. f4 Nf3 26. Bxh8 Nxg1 27.
Rxg1 Bxh6 28. Be5 Qd8 29. gxh6 Qxh4 30. Bg7 Bg4 31. Kd2 Re7 32. Re1 Bxe2 33.
Nxe2 Re4 34. Rf1 Qh2 35. Re1 Kd7 36. c3 c5 37. Kd1 Qf2 38. b4 Qe3 39. Kc2 c4
0-1

[Event "Frankfurt Ch A 2018"]
[Site "Ffm-Höchst, BiKuZ"]
[Date "2018.06.04"]
[Round "5.12"]
[White "Zimmermann, Rolf"]
[Black "Hierling, Stefan"]
[Result "1-0"]
[WhiteElo "2124"]
[BlackElo "1901"]
[PlyCount "105"]
[EventDate "2018.??.??"]
[WhiteTeam "SC Tornado Hochneukirch"]
[BlackTeam "VSG Offenbach"]

1. c4 c5 2. Nc3 Nf6 3. g3 g6 4. Bg2 Bg7 5. e3 O-O 6. Nge2 d6 7. d4 cxd4 8. Nxd4
Na6 9. O-O Nc7 10. e4 Rb8 11. Rb1 Ne6 12. h3 a6 13. Be3 Nxd4 14. Bxd4 Nh5 15.
Ba7 Ra8 16. Be3 Rb8 17. Nd5 b6 18. Qd2 Be6 19. Rbc1 Nf6 20. Nf4 Bc8 21. Rfd1
Nd7 22. b3 Bb7 23. Nd5 Re8 24. Bg5 Nc5 25. b4 Nd7 26. Nxe7+ Rxe7 27. Bxe7 Qxe7
28. Qxd6 Qxd6 29. Rxd6 Bc8 30. Rcd1 Bf8 31. Rxd7 Bxd7 32. Rxd7 Bxb4 33. e5 Re8
34. f4 Bc5+ 35. Kf1 Re7 36. Rd8+ Kg7 37. Bd5 h5 38. h4 Rc7 39. a4 a5 40. Kg2
Be7 41. Re8 Bc5 42. Kf3 Re7 43. Rb8 Rd7 44. g4 hxg4+ 45. Kxg4 Re7 46. h5 gxh5+
47. Kxh5 Be3 48. Kg4 Bc5 49. Kf5 Rc7 50. Ke4 Rd7 51. f5 Kh7 52. f6 Rc7 53. Kf5
1-0

[Event "Frankfurt Ch A 2018"]
[Site "Ffm-Höchst, BiKuZ"]
[Date "2018.06.04"]
[Round "5.13"]
[White "Medvedovski, Michael"]
[Black "Li, Maxim"]
[Result "1-0"]
[WhiteElo "2115"]
[BlackElo "1910"]
[PlyCount "65"]
[EventDate "2018.??.??"]
[WhiteTeam "Frankfurter TV"]
[BlackTeam "Wiesbadener SV"]

1. e4 e6 2. Nf3 d5 3. Nc3 Nf6 4. e5 Nfd7 5. d4 c5 6. dxc5 Nc6 7. Bf4 Bxc5 8.
Bd3 a6 9. O-O h6 10. Bg3 g5 11. Qe2 g4 12. Nd2 Qg5 13. Nb3 Ba7 14. Kh1 Ndxe5
15. Rae1 Nxd3 16. Qxd3 O-O 17. f4 Qg7 18. f5 Bd7 19. Bd6 Rfe8 20. f6 Qh7 21.
Qd1 h5 22. Nc5 Bxc5 23. Bxc5 b6 24. Bd4 Rac8 25. a4 Nxd4 26. Qxd4 b5 27. Re5
Qh6 28. h4 Rc4 29. Qa7 Rd8 30. Rg5+ Kh8 31. Qe3 d4 32. Rg8+ Kh7 33. Qxh6+ 1-0

[Event "Frankfurt Ch A 2018"]
[Site "Ffm-Höchst, BiKuZ"]
[Date "2018.06.04"]
[Round "5.14"]
[White "Koch, Markus"]
[Black "Hochmuth, Christian"]
[Result "1-0"]
[WhiteElo "2039"]
[BlackElo "1896"]
[PlyCount "67"]
[EventDate "2018.??.??"]
[WhiteTeam "SC Brett vorm Kopp"]
[BlackTeam "SG Wächtersbach"]

1. d4 Nf6 2. c4 g6 3. f3 c5 4. d5 d6 5. e4 Bg7 6. Ne2 e6 7. Nec3 exd5 8. cxd5
a6 9. a4 O-O 10. Be3 Re8 11. Be2 h5 12. Na3 Nh7 13. Nc4 f5 14. O-O g5 15. Qd2
f4 16. Bf2 Be5 17. a5 Nd7 18. Na4 Rb8 19. Rab1 Qf6 20. b4 cxb4 21. Rxb4 Re7 22.
Rc1 g4 23. Nab6 g3 24. hxg3 fxg3 25. Be3 Nc5 26. Nxe5 Rxe5 27. Nc4 Re7 28. Nxd6
Qh4 29. Rxc5 Qh2+ 30. Kf1 Bh3 31. Bc4 Qh1+ 32. Bg1 Rf8 33. Nf5 Rxf5 34. d6+ 1-0

[Event "Frankfurt Ch A 2018"]
[Site "Ffm-Höchst, BiKuZ"]
[Date "2018.06.04"]
[Round "5.15"]
[White "Benninger, Rudolf"]
[Black "Schmidt, Markus"]
[Result "1-0"]
[WhiteElo "1895"]
[BlackElo "2034"]
[PlyCount "74"]
[EventDate "2018.??.??"]
[WhiteTeam "SC Heusenstamm"]
[BlackTeam "SK Turm Bad Hersfeld"]

1. e4 c5 2. c3 Nf6 3. e5 Nd5 4. d4 cxd4 5. cxd4 d6 6. Bc4 dxe5 7. dxe5 e6 8.
Nf3 Be7 9. O-O O-O 10. Qe2 Nc6 11. Rd1 Qc7 12. Bxd5 exd5 13. Nc3 Be6 14. Nxd5
Bxd5 15. Rxd5 Rfd8 16. Rxd8+ Rxd8 17. Bf4 Nd4 18. Nxd4 Rxd4 19. Rc1 Qd7 20. Be3
Rd5 21. f4 g6 22. Kf2 b6 23. Rc2 g5 24. Rd2 gxf4 25. Bxf4 Bc5+ 26. Kf1 Rxd2 27.
Qxd2 Qf5 28. g3 Qb1+ 29. Kg2 Qe4+ 30. Kh3 Bd4 31. b3 Qf5+ 32. g4 Qe4 33. Bg3
Be3 34. Qd8+ Kg7 35. Qf6+ Kg8 36. Bh4 Qd3 37. Qf3 Qd2 1-0

[Event "Frankfurt Ch A 2018"]
[Site "Ffm-Höchst, BiKuZ"]
[Date "2018.06.04"]
[Round "5.16"]
[White "Bennedik, Martin"]
[Black "Ottenburg, Ralph"]
[Result "1/2-1/2"]
[WhiteElo "2006"]
[BlackElo "1859"]
[PlyCount "36"]
[EventDate "2018.??.??"]
[WhiteTeam "SV Frankfurt Nord"]
[BlackTeam "SF Frankfurt"]

1. e4 e5 2. Nf3 Nc6 3. Bb5 f5 4. Nc3 fxe4 5. Nxe4 d5 6. Nxe5 dxe4 7. Nxc6 Qg5
8. Qe2 Nf6 9. Nxa7+ Kd8 10. Nxc8 Kxc8 11. d4 Qxg2 12. Qf1 Qf3 13. Bd2 Bd6 14.
h4 Kb8 15. Be2 Qf5 16. Rg1 e3 17. fxe3 Qxc2 18. Bd3 Qxb2 1/2-1/2

[Event "Frankfurt Ch A 2018"]
[Site "Ffm-Höchst, BiKuZ"]
[Date "2018.06.04"]
[Round "5.17"]
[White "Nagelsdiek, Ralf"]
[Black "Gräbner, Walter"]
[Result "1/2-1/2"]
[WhiteElo "1991"]
[BlackElo "1874"]
[PlyCount "126"]
[EventDate "2018.??.??"]
[WhiteTeam "SC Bad Soden"]
[BlackTeam "SC Nied"]

1. Nf3 d5 2. e3 Nf6 3. b3 g6 4. Bb2 Bg7 5. Be2 O-O 6. O-O b6 7. c4 dxc4 8. bxc4
c5 9. d3 Nc6 10. Qa4 Bd7 11. Qb3 Qc7 12. Nc3 Rac8 13. Rfc1 Rfd8 14. Nb5 Qb8 15.
Bc3 Ne8 16. Rab1 Bf5 17. Rd1 Bxc3 18. Nxc3 Nb4 19. a3 Nc6 20. h3 Ne5 21. Nd5
Nxf3+ 22. Bxf3 Qd6 23. Qc3 e5 24. Bg4 Bxg4 25. hxg4 Nc7 26. e4 f6 27. a4 Nxd5
28. exd5 Rb8 29. Re1 h6 30. f4 Re8 31. fxe5 Rxe5 32. Rxe5 fxe5 33. a5 Rf8 34.
axb6 axb6 35. Qd2 Kg7 36. Qe2 Rf7 37. Re1 b5 38. cxb5 Qxd5 39. Qxe5+ Qxe5 40.
Rxe5 Rd7 41. Rxc5 Rxd3 42. Kf2 Rb3 43. Ke2 Kf7 44. Kd2 Ke7 45. Kc2 Rb4 46. Kc3
Rb1 47. Kc4 Rb2 48. Rc6 g5 49. Rxh6 Rxg2 50. Kc5 Kd7 51. Kb6 Rxg4 52. Kb7 Rb4
53. b6 g4 54. Rg6 Ke7 55. Ka7 Kf7 56. Rc6 g3 57. Rc2 Ra4+ 58. Kb8 Kf6 59. b7
Kf5 60. Rb2 Rc4 61. Ka7 Rc7 62. Kb6 Rxb7+ 63. Kxb7 Kf4 1/2-1/2